| 000 -LEADER |
| fixed length control field |
00680nam a2200133 4500 |
| 040 ## - CATALOGING SOURCE |
| Transcribing agency |
RUA |
| 082 ## - DEWEY DECIMAL CLASSIFICATION NUMBER |
| Classification number |
AED CHH 2018 B466 Or.1 |
| 100 ## - MAIN ENTRY--AUTHOR NAME |
| Personal name |
CHHOEUN BONTHOEUN ,ឈឿន ប៊ុនធឿន |
| 245 ## - TITLE STATEMENT |
| Title |
the study on economic efficiency of rainy season in lbuek commune, chhouk district, kampot province,ការសិក្សាអំពីប្រសិទ្ធភាពសេដ្ឋកិច្ចនៃដំណាំស្រូវវស្សានៅក្នុងឃុំល្បើក ស្រុកឈូក ខេត្តកំពត |
| 260 ## - PUBLICATION, DISTRIBUTION, ETC. (IMPRINT) |
| Place of publication |
RUA |
| Name of publisher |
phnom penh |
| Year of publication |
2018 |
| 300 ## - PHYSICAL DESCRIPTION |
| Number of Pages |
xi;60p; |
| Other physical details |
lill; |
| Dimensions |
29cm; |
| 856 ## - ELECTRONIC LOCATION AND ACCESS |
| Uniform Resource Identifier |
CHHOEUN BONTHOEUN |
| 942 ## - ADDED ENTRY ELEMENTS (KOHA) |
| Koha item type |
AED |
| 952 ## - LOCATION AND ITEM INFORMATION (KOHA) |
| Withdrawn status [LOCAL, KOHA] |
0 |
| 952 ## - LOCATION AND ITEM INFORMATION (KOHA) |
| Withdrawn status [LOCAL, KOHA] |
0 |
| 952 ## - LOCATION AND ITEM INFORMATION (KOHA) |
| Withdrawn status [LOCAL, KOHA] |
0 |
| 952 ## - LOCATION AND ITEM INFORMATION (KOHA) |
| Withdrawn status [LOCAL, KOHA] |
0 |
| 952 ## - LOCATION AND ITEM INFORMATION (KOHA) |
| Withdrawn status [LOCAL, KOHA] |
0 |
| 952 ## - LOCATION AND ITEM INFORMATION (KOHA) |
| Withdrawn status [LOCAL, KOHA] |
0 |